IDRC proceeding series. (Record no. 180620)
[ view plain ]
| 000 -LEADER | |
|---|---|
| fixed length control field | 00408cas7a220015700 4500 |
| 001 - CONTROL NUMBER | |
| control field | zam00004984 |
| 008 - FIXED-LENGTH DATA ELEMENTS--GENERAL INFORMATION | |
| fixed length control field | 951212n xx eng u |
| 035 ## - SYSTEM CONTROL NUMBER | |
| System control number | (Sirsi) r22216 |
| 035 ## - SYSTEM CONTROL NUMBER | |
| System control number | (MACHINE)01879 |
| 245 00 - TITLE STATEMENT | |
| Title | IDRC proceeding series. |
| 260 ## - PUBLICATION, DISTRIBUTION, ETC. | |
| Place of publication, distribution, etc. | Ottawa : |
| Name of publisher, distributor, etc. | IDC. |
| 310 ## - CURRENT PUBLICATION FREQUENCY | |
| Current publication frequency | Irregular. |
| 780 ## - PRECEDING ENTRY | |
| Main entry heading | See main catalogue. |
| 949 ## - LOCAL PROCESSING INFORMATION (OCLC) | |
| a | CAT |
| w | lcc |
| i | -21508 |
| m | MAIN |
| p | 000 |
| t | BOOK |
| l | ON-SHELF |
| Withdrawn status | Lost status | Source of classification or shelving scheme | Damaged status | Not for loan | Home library | Current library | Shelving location | Total Checkouts | Full call number | Barcode | Date last seen | Copy number | Price effective from | Koha item type |
|---|---|---|---|---|---|---|---|---|---|---|---|---|---|---|
| Library of Congress Classification | Main Library | Main Library | On Shelf | CAT | -21508 | 08/30/2019 | 1 | 08/30/2019 | Book |